[Event "C88"]
[Site "Cleanchess.com Israel ISR"]
[Date "2018.02.16"]
[Round "7.2"]
[White "Caspi,I"]
[Black "Kaplan,S"]
[Result "1-0"]
[WhiteElo "2461"]
[BlackElo "2396"]

1.e4 e5 2.Nf3 Nc6 3.Bb5 a6 4.Ba4 Nf6 5.O-O Be7 6.Re1 b5 7.Bb3 d6 8.c3 Nb8 9.d4
Nbd7 10.Nbd2 Bb7 11.h3 O-O 12.Bc2 Re8 13.Nf1 Bf8 14.Ng3 g6 15.a4 Nb6 16.dxe5
dxe5 17.Qxd8 Raxd8 18.axb5 axb5 19.Bg5 Kg7 20.Ra7 Rb8 21.Nd2 b4 22.Be3 Bd6
23.Ne2 Nfd7 24.Rc1 bxc3 25.Nxc3 Bc6 26.Bd3 Nc8 27.Ra6 Bb7 28.Ra5 Bb4 29.Rb5 c5
30.Nc4 Ba6 31.Rxb8 Nxb8 32.Nd5 Nc6 33.Nc7 Rd8 34.Nxa6 Rxd3 35.Nxc5 Rd8 36.Na6
Bf8 37.Kf1 N8e7 38.b4 Ra8 39.b5 Nd4 40.Nc7 Rb8 41.Nxe5 {#r} 1-0

[Event "C90"]
[Site "Cleanchess.com Neustadt an der Weinstrasse GER"]
[Date "2018.02.13"]
[Round "9.9"]
[White "Pap,M"]
[Black "Antonio,V"]
[Result "0-1"]
[WhiteElo "2502"]
[BlackElo "2402"]

1.e4 e5 2.Nf3 Nc6 3.Bb5 a6 4.Ba4 Nf6 5.O-O b5 6.Bb3 Be7 7.Re1 O-O 8.d3 d6 9.c3
h6 10.Nbd2 Nh7 11.d4 Bf6 12.Bd5 Bd7 13.dxe5 dxe5 14.Nb3 Qe7 15.Be3 Rfd8 16.Qe2
Ng5 17.Nc5 Be8 18.b4 Ne6 19.g3 Nxc5 20.Bxc5 Qd7 21.Rad1 Rab8 22.Nh4 Qh3 23.Rd3
Bd7 24.Red1 Ne7 25.Bb3 Nc6 26.Bd5 Ne7 27.Ba7 Nxd5 28.Bxb8 Rxb8 29.Rxd5 Be6
30.Rc5 Bxh4 31.gxh4 Bc4 32.Rxc4 bxc4 33.f3 Rb6 34.Kh1 Rf6 35.Rf1 Rd6 36.Rd1
Rxd1+ 37.Qxd1 Qxh4 38.Kg2 Qg5+ 39.Kf2 Qf4 40.Kg2 Qe3 41.Qd8+ Kh7 42.Qe7 Qxc3
43.Qxf7 Qd2+ 44.Kf1 Qd3+ 45.Ke1 Qe3+ 46.Kf1 Qd4 47.Qd5 Qa1+ 48.Kg2 c3 49.Qxe5
Qxa2+ 50.Kg3 Qc4 51.Qf5+ Kg8 52.Qf4 c2 53.Qc1 Qd3 54.Qb2 Qd2 55.Qb3+ Kh7 {#R}
0-1

[Event "C91"]
[Site "Cleanchess.com   INT"]
[Date "2018.02.14"]
[Round "6"]
[White "Shabalov,A"]
[Black "Amin,B"]
[Result "1-0"]
[WhiteElo "2544"]
[BlackElo "2693"]

1.e4 e5 2.Nf3 Nc6 3.Bb5 a6 4.Ba4 Nf6 5.O-O Be7 6.Re1 b5 7.Bb3 d6 8.c3 O-O 9.d4
Bg4 10.a4 Bxf3 11.gxf3 Na5 12.Ba2 Nh5 13.Kh1 Bg5 14.Be3 Bf4 15.Rg1 Qh4 16.Rg2
Nc4 17.Bxc4 bxc4 18.Nd2 f5 19.Qe2 Rf6 20.Qxc4+ Kh8 21.Qxc7 Rg8 22.Qd7 Rh6
23.Nc4 Bxh2 24.Bg5 Qh3 25.Qxf5 {#r} 1-0

[Event "C92"]
[Site "Cleanchess.com   INT"]
[Date "2018.02.14"]
[Round "6"]
[White "Anand,V"]
[Black "Abdusattorov,Nodirbek"]
[Result "1-0"]
[WhiteElo "2767"]
[BlackElo "2516"]

1.e4 e5 2.Nf3 Nc6 3.Bb5 a6 4.Ba4 Nf6 5.O-O Be7 6.Re1 b5 7.Bb3 d6 8.c3 O-O 9.h3
Bb7 10.d4 Re8 11.Nbd2 Bf8 12.a3 Nb8 13.dxe5 dxe5 14.Ng5 Re7 15.Nxf7 Rxf7
16.Nf3 Qxd1 17.Rxd1 c5 18.Be6 Bxe4 19.Nxe5 Ra7 20.Bf4 Nc6 21.Nxf7 Rxf7 22.Bd6
Nd8 23.Bxf7+ Nxf7 24.Bxf8 Kxf8 25.Re1 Bd5 26.a4 b4 27.cxb4 cxb4 28.Rac1 Nd6
29.Red1 Nde8 30.Rd4 b3 31.Rc5 Be4 32.f3 Bb7 33.Rd3 Ke7 34.Re5+ Kf7 35.Rxb3 Bd5
36.Rbe3 Nd6 37.Rd3 {#r} 1-0

[Event "C92"]
[Site "Cleanchess.com Lutsk UKR"]
[Date "2018.02.16"]
[Round "12.6"]
[White "Vetoshko,V"]
[Black "Terletsky,O"]
[Result "1-0"]
[WhiteElo "2520"]
[BlackElo "2406"]

1.e4 e5 2.Nf3 Nc6 3.Bb5 a6 4.Ba4 Nf6 5.O-O Be7 6.Re1 b5 7.Bb3 d6 8.c3 O-O 9.h3
Bb7 10.d4 Re8 11.Ng5 Rf8 12.Nf3 Re8 13.Nbd2 Bf8 14.a3 h6 15.Bc2 Nb8 16.b4 Nbd7
17.Bb2 c6 18.Nb3 Rc8 19.a4 Qc7 20.Na5 Ba8 21.axb5 axb5 22.Bb3 exd4 23.Nxd4
Rxe4 24.Rxe4 Nxe4 25.c4 bxc4 26.Bxc4 d5 27.Ba6 Rb8 28.b5 Bd6 29.Naxc6 Bh2+
30.Kf1 Qf4 31.Nf3 Bxc6 32.Qd4 f6 33.bxc6 Ne5 34.Qxd5+ Kh8 35.Bxe5 fxe5 36.c7
Rf8 37.c8=Q Rxc8 38.Bxc8 {#r} 1-0

[Event "C92"]
[Site "Cleanchess.com   INT"]
[Date "2018.02.14"]
[Round "6"]
[White "Abdusattorov,Nodirbek"]
[Black "Vidit,S"]
[Result "0-1"]
[WhiteElo "2516"]
[BlackElo "2718"]

1.e4 e5 2.Nf3 Nc6 3.Bb5 a6 4.Ba4 Nf6 5.O-O Be7 6.Re1 b5 7.Bb3 d6 8.c3 O-O 9.h3
Bb7 10.d4 Re8 11.Nbd2 Bf8 12.Bc2 Nb8 13.a4 Nbd7 14.b3 b4 15.cxb4 exd4 16.Nxd4
d5 17.b5 axb5 18.Nxb5 dxe4 19.Nc4 Bb4 20.Bd2 Bxd2 21.Qxd2 Ra6 22.Rad1 Qb8
23.Qf4 Nd5 24.Qf5 N7f6 25.Ne3 Rae6 26.Nxd5 Bxd5 27.Qf4 Re5 28.Nc3 c6 29.Nxd5
Nxd5 30.Qg3 f5 31.Rd4 Qb6 32.Rc4 e3 33.f4 e2+ 34.Qf2 Re3 35.Bxf5 Rf8 36.Be4
Nxf4 37.a5 Qa7 38.Bxh7+ Kxh7 39.Qh4+ Kg8 40.Kh1 Nd3 41.Rxc6 Nxe1 {#R} 0-1

[Event "C92"]
[Site "Cleanchess.com Leiden NED"]
[Date "2018.02.17"]
[Round "3.1"]
[White "Bok,B"]
[Black "Van der Werf,M"]
[Result "1-0"]
[WhiteElo "2613"]
[BlackElo "2413"]

1.e4 e5 2.Nf3 Nc6 3.Bb5 a6 4.Ba4 Nf6 5.O-O Be7 6.Re1 b5 7.Bb3 d6 8.c3 O-O 9.h3
Bb7 10.d4 Re8 11.Nbd2 Bf8 12.a3 h6 13.d5 Na5 14.Bc2 c6 15.b4 Nc4 16.Nxc4 bxc4
17.dxc6 Bxc6 18.Qe2 Rc8 19.Bb2 Qb6 20.Rad1 d5 21.exd5 Bxd5 22.Nh2 Qc6 23.Ng4
Nxg4 24.Qxg4 g6 25.Re2 e4 26.Red2 e3 27.fxe3 Be4 28.Bxe4 Rxe4 29.Qd7 Be7
30.Qxc6 Rxc6 31.Bc1 Ree6 32.Kf2 Bf6 33.Rc2 h5 34.Rd5 h4 35.Bd2 Be5 36.Rc1 Bg3+
37.Ke2 f5 38.Kf3 Re7 39.a4 Kg7 40.Rb1 Kf6 41.b5 axb5 42.axb5 Rb6 43.Rc5 Reb7
44.Ke2 Bd6 45.Rxc4 Rxb5 46.Rxb5 Rxb5 47.Rxh4 Rb1 48.Ra4 Rg1 49.Kf2 Rd1 50.Ke2
Rg1 51.Kf2 Rd1 52.Be1 Ke6 53.Ra2 Rb1 54.Ke2 Kd5 55.Rd2+ Ke6 56.Rd1 Rb2+ 57.Bd2
Be5 58.Kd3 Rb6 59.Ra1 Rd6+ 60.Ke2 Rc6 61.Kd3 Rd6+ 62.Kc2 Rc6 63.Ra4 Kd5 64.Kd3
Rb6 65.e4+ fxe4+ 66.Rxe4 Rb3 67.Rg4 Rb6 68.c4+ {#r} 1-0

[Event "C96"]
[Site "Cleanchess.com   INT"]
[Date "2018.02.14"]
[Round "6"]
[White "Perez,Max"]
[Black "Becerra Rivero,J"]
[Result "0-1"]
[WhiteElo "2399"]
[BlackElo "2531"]

1.e4 e5 2.Nf3 Nc6 3.Bb5 a6 4.Ba4 Nf6 5.O-O Be7 6.Re1 b5 7.Bb3 d6 8.c3 O-O 9.h3
Na5 10.Bc2 d5 11.exd5 e4 12.Ng5 Nxd5 13.Nxe4 f5 14.c4 bxc4 15.Nec3 Nb4 16.Na3
Bc5 17.b3 Qh4 18.Rf1 Bb7 19.Ne2 Nd3 20.Nxc4 Nxf2 {#R} 0-1

[Event "C96"]
[Site "Cleanchess.com   INT"]
[Date "2018.02.14"]
[Round "6"]
[White "Becerra Rivero,J"]
[Black "Della Morte,G"]
[Result "1-0"]
[WhiteElo "2531"]
[BlackElo "2353"]

1.e4 e5 2.Nf3 Nc6 3.Bb5 a6 4.Ba4 Nf6 5.O-O Be7 6.Re1 b5 7.Bb3 O-O 8.h3 d6 9.c3
Na5 10.Bc2 c5 11.d4 Nd7 12.d5 Nb6 13.Nbd2 g6 14.b4 cxb4 15.cxb4 Nac4 16.Nxc4
Nxc4 17.Bh6 Re8 18.Bb3 a5 19.Bxc4 bxc4 20.b5 a4 21.Rb1 Bd7 22.b6 Rb8 23.Be3 f5
24.exf5 gxf5 25.b7 Qc7 26.Ng5 Bxg5 27.Bxg5 Rxb7 28.Qh5 Rxb1 29.Rxb1 Rb8 30.Rc1
Be8 31.Qh4 c3 32.Bh6 Rc8 33.Rxc3 Qxc3 34.Qf6 Qc1+ 35.Bxc1 Rxc1+ 36.Kh2 Rc2
37.Qg5+ Bg6 38.Qd8+ Kg7 39.Qxd6 Rxa2 40.Qe7+ Kh6 41.d6 Rd2 42.d7 a3 43.d8=Q
Rxd8 44.Qxd8 a2 45.Qd2+ f4 46.Qxa2 e4 47.Qd2 Kg5 48.g3 e3 49.gxf4+ {#r} 1-0

[Event "C96"]
[Site "Cleanchess.com   INT"]
[Date "2018.02.14"]
[Round "6"]
[White "Obregon,A"]
[Black "Becerra Rivero,J"]
[Result "0-1"]
[WhiteElo "2514"]
[BlackElo "2531"]

1.e4 e5 2.Nf3 Nc6 3.Bb5 a6 4.Ba4 Nf6 5.O-O Be7 6.Re1 b5 7.Bb3 d6 8.c3 O-O 9.h3
Na5 10.Bc2 d5 11.d4 Nxe4 12.Nxe5 Bb7 13.Nd2 f6 14.Nd3 f5 15.Nf3 Bd6 16.a4 Nc4
17.Nde5 b4 18.cxb4 Bxb4 19.Re2 a5 20.Rb1 Nxe5 21.Nxe5 Ra6 22.Bf4 g5 23.Bh2 g4
24.hxg4 Qh4 25.g3 Qh3 26.Qf1 fxg4 27.Qxh3 gxh3 28.Rd1 Raf6 29.f3 Rxf3 30.Nxf3
Rxf3 31.Rd3 Rf6 32.Rd1 Rf3 33.Rd3 Rf6 34.Rde3 Ba6 35.Bd3 Bxd3 36.Rxd3 h5 37.g4
hxg4 38.Bxc7 Rc6 39.Bf4 Kf7 40.Kh2 Kg6 41.Rd1 Rf6 42.Be5 Rf3 43.Rc1 Bd2 44.Rc7
Bf4+ 45.Bxf4 Rxf4 46.Rec2 Rf3 47.Rd7 Nf6 48.Rd8 Kg5 49.Re2 Kh4 50.Rh8+ Nh5
51.Kg1 g3 52.Re1 Rf2 53.b4 axb4 54.a5 Rg2+ 55.Kh1 Rh2+ 56.Kg1 Rg2+ 57.Kh1 Ra2
58.Kg1 b3 59.a6 Rxa6 60.Rf1 Ra2 61.Rf4+ Kg5 62.Rff8 h2+ {#R} 0-1

[Event "D00"]
[Site "Cleanchess.com Newcastle ENG"]
[Date "2018.02.17"]
[Round "7.4"]
[White "Hebden,M"]
[Black "Donchenko,Alexa"]
[Result "0-1"]
[WhiteElo "2454"]
[BlackElo "2583"]

1.d4 Nf6 2.Nf3 g6 3.Nc3 d5 4.Bf4 Bg7 5.e3 O-O 6.Be2 c5 7.Ne5 Nc6 8.O-O Ne8
9.Nxc6 bxc6 10.Na4 cxd4 11.exd4 Nd6 12.Re1 f6 13.Bd3 Nf7 14.c4 e5 15.Bg3 e4
16.Bf1 f5 17.cxd5 cxd5 18.Qb3 g5 19.Bb5 f4 20.Bc6 fxg3 21.hxg3 Bd7 22.Bxa8
Qxa8 23.Nc5 Bg4 24.Qe3 Qb8 25.Nb3 h6 26.Qd2 Nd6 27.Qa5 Qb7 28.Rac1 Nc4 29.Qc3
Qb8 30.Rc2 e3 31.fxe3 Qxg3 32.Nc5 Re8 33.Rf2 Rxe3 34.Rxe3 Qxe3 35.Qxe3 Nxe3
36.Nb3 Bd1 37.Nc5 Bxd4 38.Ne6 Bb6 39.Rf8+ Kh7 40.Rb8 Bg4 41.Nc7 d4 42.Rb7 Bc8
{#R} 0-1

[Event "D00"]
[Site "Cleanchess.com   INT"]
[Date "2018.02.14"]
[Round "6"]
[White "Tang,Andrew"]
[Black "Banusz,T"]
[Result "1-0"]
[WhiteElo "2513"]
[BlackElo "2641"]

1.d4 d5 2.Bf4 Nf6 3.e3 c5 4.dxc5 Nc6 5.Bb5 e6 6.b4 a5 7.c3 Be7 8.Nf3 Nd7 9.Nd4
Na7 10.c6 bxc6 11.Bxc6 Nxc6 12.Nxc6 Qb6 13.Nxe7 Kxe7 14.a3 Ba6 15.Nd2 Rhc8
16.Qb3 Qb5 17.c4 dxc4 18.Qc3 e5 19.Bg3 axb4 20.axb4 Bb7 21.O-O Qd5 22.Nf3 f6
23.Rad1 Qe6 24.b5 Nc5 25.Nd2 Nd3 26.Ra1 Qd5 27.e4 Qxb5 28.Rab1 Qd7 29.f4 exf4
30.Bxf4 Ba6 31.e5 Rc6 32.exf6+ gxf6 33.Ne4 Rg8 34.Bg5 fxg5 35.Nf6 Qa7+ 36.Kh1
Rf8 37.Nd5+ Kd6 38.Rxf8 Kxd5 39.Rbf1 Re6 40.Qa5+ Qc5 41.R8f5+ Re5 42.Qxa6 Nf2+
43.R5xf2 Qxf2 44.Qb5+ Qc5 45.Rd1+ Ke4 46.Qb1+ Kf4 47.Rf1+ Kg4 48.Qd1+ Kh4
49.g3+ {#r} 1-0

[Event "D00"]
[Site "Cleanchess.com   INT"]
[Date "2018.02.14"]
[Round "6"]
[White "Pakleza,Z"]
[Black "Brown,Michael William"]
[Result "0-1"]
[WhiteElo "2496"]
[BlackElo "2506"]

1.d4 d5 2.Bf4 Nf6 3.e3 c5 4.c3 Nc6 5.Nd2 Bf5 6.Ngf3 Qb6 7.Nh4 Bd7 8.Qb3 e6
9.h3 Be7 10.Nhf3 O-O 11.Be2 h6 12.O-O Rfc8 13.Rfe1 Na5 14.Qxb6 axb6 15.Ne5 Be8
16.a3 Nc6 17.Nd3 Nd7 18.Bh2 Bf6 19.Nf3 Na5 20.Nde5 Nc6 21.Ng4 Be7 22.Rad1 f6
23.Bg3 Na5 24.Nd2 f5 25.Ne5 Nxe5 26.Bxe5 Ba4 27.Rb1 Nb3 28.Nf3 Be8 29.Bd3 Bh5
30.Rbd1 Na5 31.Kh2 Rd8 32.Rg1 Rf8 33.Be2 Bxf3 34.gxf3 Bf6 35.Rg6 cxd4 36.cxd4
Nc6 37.Bc7 Rfc8 38.Bd6 Kf7 39.Rgg1 Na5 40.f4 Rc2 41.Bh5+ Kg8 42.Rg2 Nc4 43.Be5
Bxe5 44.fxe5 Rc8 45.Rdg1 Rc7 46.b3 Nd2 47.Rg6 Re7 48.R1g2 Kh7 49.h4 Nxb3
50.R6g3 Nd2 51.Rh3 Nf1+ 52.Kh1 Rc1 53.Rg1 Rec7 54.Bg6+ Kg8 55.e4 fxe4 56.Rb3
Nd2 57.Rxb6 Nf3 58.Rxc1 Rxc1+ 59.Kg2 Nxh4+ {#R} 0-1

[Event "D00"]
[Site "Cleanchess.com Lutsk UKR"]
[Date "2018.02.16"]
[Round "8.4"]
[White "Buksa,N"]
[Black "Razin,V"]
[Result "0-1"]
[WhiteElo "2357"]
[BlackElo "2379"]

1.d4 d5 2.Nc3 Nf6 3.Bf4 c6 4.e3 Bf5 5.f3 Nbd7 6.g4 Bg6 7.h4 h6 8.Bd3 Bxd3
9.Qxd3 e6 10.O-O-O Nb6 11.Kb1 Nc4 12.b3 Na3+ 13.Kc1 Qa5 14.Nge2 O-O-O 15.Nb1
Nd7 16.Nxa3 Bxa3+ 17.Kb1 Nb6 18.c3 c5 19.dxc5 Qxc5 20.Nd4 Rhe8 21.Bg3 e5
22.Nc2 Qe7 23.Qf5+ Kb8 24.Nxa3 Qxa3 25.Bxe5+ Ka8 26.Bd4 f6 27.Rhe1 Qd6 28.g5
hxg5 29.hxg5 Rf8 30.gxf6 gxf6 31.Rg1 Qc6 32.Rg6 Nd7 33.e4 dxe4 34.Qxe4 Qb5
35.Kb2 Rfe8 36.Qd3 Qh5 37.Rg2 Ne5 38.Qc2 Qxf3 39.Rf2 Qc6 40.Bxe5 fxe5 41.Re2
Rxd1 42.Qxd1 a6 43.c4 e4 44.Qd5 Qf6+ 45.Ka3 e3 46.c5 Qc3 47.Qd7 Qxc5+ 48.Kb2
Qe5+ 49.Ka3 Qa5+ 50.Kb2 Rd8 51.Qg4 Rd2+ 52.Rxd2 Qxd2+ 53.Ka3 Qd6+ 54.Kb2 Qe5+
55.Kc2 e2 56.Qg8+ Ka7 57.Qg1+ b6 58.Qe1 Qe3 59.a4 a5 60.Kb2 Qd4+ 61.Kc2 Qe3
62.Kb2 Qd3 63.Qc1 Qd4+ 64.Ka2 Qe5 65.Qe1 Qe3 66.Kb2 Qd3 67.Qc1 Qd4+ 68.Ka2 Qe5
69.Qe1 Qe4 70.Kb2 Kb7 71.Ka2 Qc2+ 72.Ka3 Qd1 73.Qc3 e1=Q 74.Qg7+ Kc6 75.Qg6+
Qd6+ {#R} 0-1

[Event "D02"]
[Site "Cleanchess.com Newcastle ENG"]
[Date "2018.02.16"]
[Round "5.1"]
[White "Donchenko,Alexa"]
[Black "Raetsky,A"]
[Result "0-1"]
[WhiteElo "2583"]
[BlackElo "2362"]

1.Nf3 d5 2.g3 Nc6 3.d4 Bg4 4.Bg2 Qd7 5.h3 Bh5 6.O-O O-O-O 7.c3 f6 8.b4 e5 9.b5
Nb8 10.a4 e4 11.Nfd2 f5 12.Nb3 h6 13.Nc5 Qe8 14.Qc2 g5 15.f4 Nd7 16.Nb3 Bd6
17.a5 {#R} 0-1

[Event "D02"]
[Site "Cleanchess.com Newcastle ENG"]
[Date "2018.02.15"]
[Round "2.6"]
[White "Gormally,D"]
[Black "Gourlay,I"]
[Result "1-0"]
[WhiteElo "2483"]
[BlackElo "2371"]

1.d4 d5 2.Nf3 Nf6 3.c4 e6 4.g3 Bb4+ 5.Nc3 dxc4 6.a3 Bxc3+ 7.bxc3 O-O 8.Bg2 Nd5
9.Qc2 f6 10.Nd2 Nb6 11.O-O Nc6 12.a4 a5 13.e4 Bd7 14.Ba3 Ne7 15.Bc5 Bc6
16.Rfb1 Rc8 17.Bxb6 cxb6 18.Nxc4 Be8 19.Nxb6 Rc6 20.Qb3 Bf7 21.d5 exd5 22.exd5
Nc8 23.Nd7 Qxd7 24.dxc6 bxc6 25.Qb7 {#r} 1-0

[Event "D02"]
[Site "Cleanchess.com Lutsk UKR"]
[Date "2018.02.16"]
[Round "6.1"]
[White "Bordovsky,Vladimir"]
[Black "Razin,V"]
[Result "1-0"]
[WhiteElo "2326"]
[BlackElo "2379"]

1.Nf3 d5 2.d4 c5 3.e3 Nf6 4.c3 Nc6 5.dxc5 a5 6.Bb5 e6 7.b4 Be7 8.Bb2 O-O 9.a3
Qc7 10.O-O Rd8 11.Nbd2 e5 12.h3 e4 13.Nd4 Ne5 14.Qb3 g5 15.c4 dxc4 16.Nxc4 Ng6
17.Nb6 Rb8 18.Bc4 Bf8 19.Nb5 Qe7 20.Nd6 Be6 21.Bxe6 fxe6 22.Bxf6 Qxf6 23.Nxe4
Qe5 24.Ng3 Rd2 25.Nc4 {#r} 1-0

[Event "D02"]
[Site "Cleanchess.com Neustadt an der Weinstrasse GER"]
[Date "2018.02.13"]
[Round "8.4"]
[White "Berkes,F"]
[Black "Pap,M"]
[Result "1-0"]
[WhiteElo "2669"]
[BlackElo "2502"]

1.d4 Nf6 2.Nf3 e6 3.Bf4 d5 4.e3 c5 5.Nbd2 Be7 6.c3 Nc6 7.Bd3 Nh5 8.Bg3 Nxg3
9.hxg3 h6 10.Qe2 a6 11.a3 b6 12.Rd1 Bb7 13.e4 cxd4 14.cxd4 dxe4 15.Nxe4 Qd5
16.Nc3 Qa5 17.O-O O-O 18.d5 exd5 19.Nxd5 Rae8 20.Rfe1 b5 21.Nf6+ Bxf6 22.Qxe8
g6 23.Qd7 Qb6 24.Re8 Bxb2 25.Bxg6 fxg6 26.Qe6+ {#r} 1-0

[Event "D02"]
[Site "Cleanchess.com Lutsk UKR"]
[Date "2018.02.16"]
[Round "9.5"]
[White "Solovchuk,A"]
[Black "Bortnik,N"]
[Result "0-1"]
[WhiteElo "2364"]
[BlackElo "2432"]

1.d4 d5 2.Nf3 Nf6 3.g3 c5 4.Bg2 Nc6 5.O-O Bg4 6.Ne5 cxd4 7.Nxg4 Nxg4 8.e4 Nf6
9.exd5 Nxd5 10.c3 e6 11.cxd4 Be7 12.Nc3 Nxc3 13.bxc3 O-O 14.Rb1 Qc8 15.c4 Rd8
16.d5 Na5 17.Qa4 Nxc4 18.dxe6 Qxe6 19.Rxb7 Rac8 20.Rxa7 Bc5 21.Ra6 Qe2 22.Rc6
Ne5 23.Rxc8 Rxc8 24.Qd1 Bxf2+ 25.Kh1 Qxa2 26.Bf4 Ng6 27.Bd5 Qa7 28.Qf3 Bd4
29.Bg5 Ne5 {#R} 0-1

[Event "D02"]
[Site "Cleanchess.com Moscow RUS"]
[Date "2018.02.18"]
[Round "4.1"]
[White "Esipenko,Andrey"]
[Black "Matlakov,M"]
[Result "1-0"]
[WhiteElo "2571"]
[BlackElo "2709"]

1.d4 Nf6 2.Nf3 d5 3.Bf4 e6 4.e3 Bd6 5.Bg3 O-O 6.Nbd2 c5 7.c3 b6 8.Bd3 Bb7
9.Qe2 Nc6 10.Rd1 Re8 11.e4 Be7 12.e5 Nh5 13.a3 g6 14.Qe3 Rc8 15.O-O f5 16.exf6
Bxf6 17.Be5 Nxe5 18.Nxe5 Rc7 19.Ndf3 Bc8 20.g4 Ng7 21.Kg2 Rf8 22.h4 Bd7 23.Rh1
Ba4 24.Rd2 cxd4 25.cxd4 Bxe5 26.Nxe5 Qf6 27.Kg3 Rfc8 28.Re2 a5 29.f3 Be8
30.Qh6 Qf8 31.Kg2 {#r} 1-0

[Event "D02"]
[Site "Cleanchess.com Newcastle ENG"]
[Date "2018.02.14"]
[Round "1.3"]
[White "Vakhidov,J"]
[Black "Raetsky,A"]
[Result "1-0"]
[WhiteElo "2532"]
[BlackElo "2362"]

1.Nf3 d5 2.g3 Nc6 3.d4 Bg4 4.Bg2 Qd7 5.O-O O-O-O 6.c3 f6 7.b4 e5 8.b5 Na5
9.Qa4 Nc4 10.dxe5 Bc5 11.Nbd2 Nxe5 12.Nb3 Bb6 13.Nxe5 fxe5 14.Bg5 Nf6 15.Bxf6
gxf6 16.Bxd5 h5 17.Rad1 Kb8 18.Bf3 Qxd1 19.Rxd1 Rxd1+ 20.Kg2 Bc8 21.h4 f5
22.e3 Rdd8 23.c4 e4 24.Be2 c5 25.bxc6 f4 26.exf4 e3 27.c5 Bc7 28.fxe3 Rhe8
29.Kf2 Re6 30.Nd4 Re4 31.Bf3 Rexd4 32.exd4 b6 33.Kg2 Be6 34.d5 Rxd5 35.Bxd5
Bxd5+ 36.Kh2 Bf3 37.f5 {#r} 1-0

[Event "D02"]
[Site "Cleanchess.com Aarhus DEN"]
[Date "2018.02.18"]
[Round "9.1"]
[White "Thybo,Jesper Sondergaard"]
[Black "Olsen,Filip Boe"]
[Result "1-0"]
[WhiteElo "2479"]
[BlackElo "2300"]

1.Nf3 d5 2.d4 Nf6 3.c4 e6 4.g3 Be7 5.Bg2 O-O 6.Qc2 c5 7.O-O cxd4 8.Nxd4 e5
9.Nf5 d4 10.Nxe7+ Qxe7 11.b3 Nc6 12.Nd2 Rd8 13.a3 Bg4 14.Qd3 Re8 15.Ne4 Nd7
16.Ng5 Nf6 17.Ne4 Nd7 18.h3 Bf5 19.Qf3 Bg6 20.g4 Bxe4 21.Qxe4 Nc5 22.Qb1 e4
23.b4 Na4 24.Qc2 Nb6 25.Bb2 Rad8 26.Rad1 d3 27.exd3 exd3 28.Rxd3 Rxd3 29.Qxd3
Qe2 30.Qxe2 Rxe2 31.c5 Na4 32.Ba1 Rd2 33.Rc1 a6 34.Re1 f6 35.Bf1 Kf8 36.Bc4
Nd4 37.Bxd4 Rxd4 38.Bf1 a5 39.Rb1 Nc3 40.Rb3 axb4 41.axb4 Ne4 42.Bg2 Nd2
43.Rb2 Nc4 44.Rc2 Na3 45.Ra2 Nb5 46.Ra8+ Ke7 47.Rb8 Rxb4 48.Rxb7+ Kd8 49.Bf1
{#r} 1-0

[Event "D02"]
[Site "Cleanchess.com   INT"]
[Date "2018.02.14"]
[Round "6"]
[White "Stopa,Ja"]
[Black "Dreev,A"]
[Result "0-1"]
[WhiteElo "2427"]
[BlackElo "2653"]

1.d4 d5 2.Nf3 Nf6 3.Bf4 g6 4.e3 Bg7 5.Be2 O-O 6.O-O c5 7.c3 b6 8.h3 Ba6 9.Bxa6
Nxa6 10.Nbd2 Nc7 11.Qa4 Ne6 12.Bh2 Qd7 13.Qxd7 Nxd7 14.a4 a6 15.c4 dxc4 16.d5
Nd8 17.Nxc4 Nb7 18.Rfd1 b5 19.Nce5 Nb6 20.axb5 axb5 21.e4 Na5 22.b4 cxb4
23.Rab1 b3 24.Nd4 Na4 25.Nxb5 Rfb8 26.Rd4 Rxb5 27.Rxa4 Rc8 28.g4 Bxe5 29.Bxe5
Rc4 30.Rxa5 Rxa5 31.Rxb3 f6 32.Bc3 Rac5 33.Rb8+ Kf7 34.Bb4 Rc8 35.Rxc8 Rxc8
36.Be1 f5 37.gxf5 gxf5 38.f3 Rc2 39.exf5 Rc5 40.Kg2 Rxd5 41.h4 Rxf5 42.Kg3 Kg6
43.Bd2 Rd5 44.Be3 Kh5 45.Bf2 Rf5 46.Be3 Rf6 47.Bf2 Kg6 48.Be3 Kf5 49.Bd2 Rd6
50.Be3 Rd3 51.Bg5 e5 52.Kg2 Rb3 53.Kf2 Rb2+ 54.Kg3 Rb3 55.Kf2 Ra3 56.Kg2 Ke6
57.Kf2 Kd5 58.Ke2 Kd4 59.Kf2 h5 60.Bd8 Rb3 61.Bg5 Rb2+ 62.Kg3 Kd3 63.Bf6 Re2
64.Bg7 Kd2 65.Bf6 Re1 66.Bg7 Rg1+ {#R} 0-1

[Event "D05"]
[Site "Cleanchess.com   INT"]
[Date "2018.02.14"]
[Round "6"]
[White "Rendle,T"]
[Black "Adair,J"]
[Result "1-0"]
[WhiteElo "2362"]
[BlackElo "2480"]

1.d4 Nf6 2.Nf3 e6 3.e3 d5 4.Bd3 b6 5.O-O Bb7 6.b3 Bd6 7.Bb2 O-O 8.Ne5 Nbd7
9.Nd2 Ne4 10.Nxe4 dxe4 11.Bb5 Nf6 12.c4 c5 13.dxc5 bxc5 14.Nd7 Be7 15.Nxf8
Qxf8 16.Qe2 a6 17.Ba4 Bd6 18.Rfd1 Qe7 19.Rd2 h6 20.Rad1 Bc7 21.Rd7 Nxd7
22.Rxd7 {#r} 1-0

[Event "D06"]
[Site "Cleanchess.com   INT"]
[Date "2018.02.14"]
[Round "6"]
[White "Thorfinnsson,Br"]
[Black "Perez,Fl"]
[Result "1-0"]
[WhiteElo "2426"]
[BlackElo "2279"]

1.d4 d5 2.c4 Bf5 3.Nc3 e6 4.e3 Nc6 5.cxd5 exd5 6.Bd3 Bxd3 7.Qxd3 Qg5 8.g3
O-O-O 9.h4 Qg4 10.Qe2 Qf5 11.Qf3 Nh6 12.Qxf5+ Nxf5 13.g4 Nh6 14.f3 Bb4 15.Ne2
Rhe8 16.Kf2 f5 17.g5 Nf7 18.Bd2 Nd6 19.b3 Nb5 20.Rac1 Nxc3 21.Bxc3 Bxc3
22.Rxc3 Rd6 23.Nf4 Nd8 24.Rhc1 c6 25.Nd3 Ne6 26.b4 a6 27.a4 Kb8 28.b5 axb5
29.axb5 f4 30.Nxf4 Nxf4 31.exf4 cxb5 32.Rb3 Rc6 33.Rcb1 Rc7 34.Rxb5 Rd7 35.Kg3
Rc8 36.f5 Rc4 37.Rd1 Kc7 38.Kf4 Kc6 39.Rb3 b5 40.f6 gxf6 41.gxf6 Rf7 42.Ke5 b4
43.Ke6 Rf8 44.Ke7 Ra8 45.f7 Kb5 46.f8=Q Rc7+ 47.Kd6 Rc6+ 48.Kxd5 Rxf8 49.Rxb4+
Kxb4 50.Kxc6 Rf6+ 51.Kc7 Rf7+ 52.Kd6 Rf4 53.Ke5 Rxf3 54.d5 Re3+ 55.Kf6 Rf3+
56.Kg7 Rg3+ 57.Kh6 Rg6+ 58.Kxh7 Rd6 59.h5 Kc3 60.h6 Kc2 61.Rd4 Kc3 62.Rd1 Kc2
63.Rf1 Rxd5 64.Kg7 Rg5+ 65.Kf6 Rh5 66.Kg6 Rh3 67.h7 Rg3+ 68.Kf7 Rh3 69.Kg7
Rg3+ 70.Kf8 Rh3 71.Rf7 Kd3 72.Kg8 Kd4 73.h8=Q+ Rxh8+ 74.Kxh8 Ke5 75.Kg7 Ke6
76.Rf6+ Ke5 77.Kg6 Ke4 78.Rf5 Kd4 {#r} 1-0

[Event "D10"]
[Site "Cleanchess.com Budapest HUN"]
[Date "2018.02.12"]
[Round "8.4"]
[White "Dale,Ari"]
[Black "Havasi,Gergo"]
[Result "1-0"]
[WhiteElo "2381"]
[BlackElo "2370"]

1.d4 d5 2.c4 c6 3.Nc3 dxc4 4.e4 b5 5.a4 b4 6.Na2 Nf6 7.e5 Nd5 8.Bxc4 e6 9.Nf3
Be7 10.Bd2 a5 11.Nc1 O-O 12.Nb3 Nd7 13.Qe2 Bb7 14.O-O c5 15.Bd3 Rc8 16.Rac1
N5b6 17.Nxa5 Bd5 18.Bb5 Rc7 19.b3 Qa8 20.Nc4 Nxc4 21.Bxc4 Rfc8 22.Bxd5 Qxd5
23.Qc4 Qb7 24.dxc5 Bxc5 25.Qd3 h6 26.Rc4 Qa6 27.Bxh6 Nb6 28.Ng5 g6 29.Nxf7 Kh7
30.Ng5+ Kh8 31.Qxg6 Nxc4 32.Nxe6 Rg8 33.Qf6+ Kh7 34.Ng5+ Rxg5 35.Qxa6 Rg6
36.Qxc4 Bxf2+ 37.Rxf2 Rxc4 38.bxc4 Rxh6 39.Rb2 Re6 40.Rxb4 Rxe5 41.Rb2 Rc5
42.Ra2 Rxc4 43.a5 Rc7 44.a6 Ra7 45.Ra5 {#r} 1-0

[Event "D10"]
[Site "Cleanchess.com Newcastle ENG"]
[Date "2018.02.14"]
[Round "1.8"]
[White "Muir,A"]
[Black "Nasuta,G"]
[Result "0-1"]
[WhiteElo "2286"]
[BlackElo "2454"]

1.d4 d5 2.c4 c6 3.cxd5 cxd5 4.Bg5 f6 5.Bf4 Nc6 6.Nf3 g5 7.Be3 Nh6 8.Nc3 Nf5
9.h3 Nxe3 10.fxe3 Qd6 11.Qb3 Qg3+ 12.Kd2 e6 13.e4 Bd7 14.e3 Qf2+ 15.Be2 Na5
16.Qd1 Nc4+ 17.Kc1 Qxe3+ 18.Kc2 Rc8 19.Bxc4 Rxc4 20.Re1 Ba4+ 21.Kb1 Bxd1
22.Rxe3 Bxf3 23.gxf3 dxe4 24.Rxe4 Kf7 25.d5 exd5 26.Nxd5 Rc5 27.Rd4 Be7 28.b4
Rc6 29.Nxe7 Kxe7 30.Kb2 Rhc8 31.Re1+ Re6 32.Rxe6+ Kxe6 33.f4 gxf4 34.Rxf4 f5
35.a3 Ke5 36.Rf1 Rc7 37.Re1+ Kd4 38.Rd1+ Ke3 39.Re1+ Kf2 40.Re5 f4 41.Rf5 f3
42.h4 Kg3 43.h5 f2 44.h6 Rc4 45.Rg5+ Rg4 {#R} 0-1

[Event "D11"]
[Site "Cleanchess.com   INT"]
[Date "2018.02.14"]
[Round "6"]
[White "Vidit,S"]
[Black "Ivlev,Aleksey"]
[Result "1-0"]
[WhiteElo "2718"]
[BlackElo "2300"]

1.d4 d5 2.c4 c6 3.Nf3 Nf6 4.e3 e6 5.Bd3 Nbd7 6.b3 Bd6 7.Bb2 Qe7 8.Ne5 O-O
9.O-O c5 10.Nd2 b6 11.e4 cxd4 12.Nc6 Qe8 13.exd5 e5 14.Re1 Nc5 15.Bf1 e4
16.Bxd4 Bg4 17.Qc2 Bf5 18.Qc3 Nh5 19.b4 Nd7 20.g4 Bxg4 21.Rxe4 Qc8 22.Rxg4
Ndf6 23.Rg2 Kh8 24.Bxf6 Nxf6 25.Ne4 {#r} 1-0